Mest solgte danske biograffilm - Statistics

General Stats
  • This quiz has been taken 5 times
  • The average score is 7 of 55
Answer Stats
Billetter solgt Film År % Correct
823.000 Druk 2020
67%
653.000 Jagten 2013
67%
1.201.000 Olsen-banden ser rødt 1976
67%
605.000 Retfærdighedens ryttere 2020
67%
929.000 Ternet Ninja 2018
67%
930.000 Ternet Ninja 2 2021
67%
779.000 Ternet Ninja 3 2025
67%
843.000 Den eneste ene 1999
33%
859.000 Krummerne 1991
33%
537.000 Krummerne 2 - Stakkels Krumme 1992
33%
923.000 Midt om natten 1984
33%
526.000 Min søsters børn i sneen 2002
33%
661.000 Olsen-banden over alle bjerge 1981
33%
648.000 Olsen-banden på sporet 1975
33%
572.000 Anja & Viktor 2001
0%
584.000 Dansen med Regitze 1989
0%
605.000 Den kroniske uskyld 1985
0%
632.000 Den skaldede frisør 2012
0%
545.000 De uanstændige 1983
0%
506.000 Elsker dig for evigt 2002
0%
516.000 En kongelig affære 2012
0%
584.000 En kort en lang 2001
0%
905.000 Familien Gyldenkål sprænger banken 1976
0%
507.000 Far til fire - gi'r aldrig op! 2005
0%
754.000 Fasandræberne 2014
0%
509.000 Flamberede hjerter 1986
0%
674.000 Flammen & Citronen 2008
0%
700.000 Flaskepost fra P 2016
0%
766.000 Hvidsten Gruppen 2012
0%
829.000 Italiensk for begyndere 2000
0%
756.000 Journal 64 2018
0%
727.000 Julefrokosten 1976
0%
512.000 Jydekompagniet 1988
0%
521.000 Kærlighed ved første hik 1999
0%
506.000 Klassefesten 2011
0%
597.000 Klassefesten 2 - Begravelsen 2014
0%
525.000 Klassefesten 3 - Dåben 2016
0%
511.000 Klovn Forever 2015
0%
839.000 Klovn - The Movie 2010
0%
552.000 Kongekabale 2004
0%
725.000 Kvinden i buret 2013
0%
579.000 Mig og Charly 1978
0%
1.045.000 Olsen-banden deruda' 1977
0%
1.006.000 Olsen-banden går i krig 1978
0%
935.000 Olsen-banden overgiver sig aldrig 1979
0%
811.000 Olsen-bandens flugt over plankeværket 1981
0%
629.000 Olsen-bandens sidste stik 1998
0%
581.000 Pelle Erobreren 1987
0%
547.000 Piger i trøjen 2 1976
0%
639.000 Rend mig i traditionerne 1979
0%
504.000 Tro, håb og kærlighed 1984
0%
579.000 Valhalla 1986
0%
810.000 Vinterbørn 1978
0%
954.000 Walter og Carlo - op på fars hat 1985
0%
526.000 Walter og Carlo - yes, det er far 1986
0%
No matching quizzes found
Score Distribution
Percent of People with Each Score
Percentile by Number Answered
Your Score History
You have not taken this quiz